000 00611nam a2200229Ia 4500
003 OSt
005 20230325093834.0
008 210423s2007 xx 000 0 und d
020 _a8125033866
040 _cAL
041 _aeng
082 _a339.46
_223
_bMEHS
100 _aMEHROTRA (Santosh);DELAMONICA (Enrique)
_977746
245 _aEliminating human poverty
260 _aNew Delhi
_bOxford University Press
_c2007
300 _axvi,432
_bPB
365 _b575
_cINR
650 _aEconomics
_977747
650 _aMacroeconomics
_977748
906 _aEliminating ; human ; poverty
942 _2ddc
_cBK
999 _c155937
_d155937